[Event "Hum na Sutli op 14th"]
[Site "Hum na Sutli"]
[Date "2022.08.23"]
[Round "6"]
[White "Krnic, Ivan"]
[Black "Mufic, Goran"]
[Result "0-1"]
[WhiteElo "1995"]
[BlackElo "2189"]
[PlyCount "84"]
[EventDate "2022.08.20"]
[EventType "swiss"]
[EventRounds "9"]
[EventCountry "CRO"]
[SourceTitle "CBM 210 Extra"]
[Source "ChessBase"]
[SourceDate "2022.11.30"]
[SourceVersion "1"]
[SourceVersionDate "2022.11.30"]
[SourceQuality "1"]

1. e4 c5 2. Nc3 Nc6 3. Bb5 Nd4 4. a4 g6 5. d3 e6 6. e5 Qc7 7. f4 a6 8. Bc4 d5 9. exd6 Bxd6 10. Nge2 Nxe2 11. Nxe2 Nf6 12. 0-0 0-0 13. Qe1 Bd7 14. Nc3 Bc6 15. Qh4 Nh5 16. a5 Rae8 17. Ne4 Be7 18. Qh3 Bd5 19. f5 Bxc4 20. f6 Nxf6 21. Nxf6+ Bxf6 22. Rxf6 Qe5 23. Qh4 Bd5 24. c3 Qe2 25. Qg3 Kg7 26. Bg5 Qxg2+ 27. Qxg2 Bxg2 28. Rf2 f6 29. Be3 Bc6 30. Bxc5 Rf7 31. d4 e5 32. Re1 exd4 33. Rxe8 Bxe8 34. Bxd4 g5 35. h4 Kg6 36. Kh2 h6 37. Kg3 f5 38. hxg5 hxg5 39. Re2 f4+ 40. Kf2 Bd7 41. Re5 g4 42. Rd5 g3+ 0-1

[Event "Hum na Sutli op 14th"]
[Site "Hum na Sutli"]
[Date "2022.08.21"]
[Round "4"]
[White "Hamer, Ivan"]
[Black "Mufic, Goran"]
[Result "0-1"]
[WhiteElo "1917"]
[BlackElo "2189"]
[PlyCount "78"]
[EventDate "2022.08.20"]
[EventType "swiss"]
[EventRounds "9"]
[EventCountry "CRO"]
[SourceTitle "CBM 210 Extra"]
[Source "ChessBase"]
[SourceDate "2022.11.30"]
[SourceVersion "1"]
[SourceVersionDate "2022.11.30"]
[SourceQuality "1"]

1. d4 d5 2. c4 e6 3. Nc3 Nf6 4. Bf4 c6 5. e3 Nbd7 6. a3 Be7 7. Bd3 0-0 8. h3 dxc4 9. Bxc4 Nb6 10. Bd3 Nbd5 11. Be5 b6 12. Nf3 Bb7 13. 0-0 c5 14. Qe2 Rc8 15. Ne4 c4 16. Bc2 Qd7 17. Rac1 Nxe4 18. Bxe4 b5 19. Bb1 c3 20. e4 Nf6 21. Bxf6 gxf6 22. Rxc3 Rxc3 23. bxc3 Bxa3 24. Qa2 Be7 25. Rd1 Rc8 26. Qb3 Qc6 27. Rc1 a5 28. Bd3 b4 29. c4 a4 30. Qd1 b3 31. d5 Qb6 32. Rb1 Ba6 33. Nd2 Qd4 34. Qe2 Qe5 35. Qg4+ Kh8 36. Nf3 Qc3 37. Rd1 Rg8 38. Qh4 Bxc4 39. Bxc4 Qxf3 0-1

[Event "CRO-chT1B 29th"]
[Site "Mali Losinj"]
[Date "2021.10.02"]
[Round "10.55"]
[White "Mufic, Goran"]
[Black "Martic, Zlatko"]
[Result "0-1"]
[WhiteElo "2223"]
[BlackElo "2281"]
[PlyCount "62"]
[EventDate "2021.09.25"]
[EventType "team-tourn"]
[EventRounds "11"]
[EventCountry "CRO"]
[SourceTitle "CBM 204 Extra"]
[Source "ChessBase"]
[SourceDate "2021.11.30"]
[SourceVersion "1"]
[SourceVersionDate "2021.11.30"]
[SourceQuality "1"]
[WhiteTeam "Rijeka Junior"]
[BlackTeam "Slavonski Brod Djakovic"]
[WhiteTeamCountry "CRO"]
[BlackTeamCountry "CRO"]

1. d4 Nf6 2. Nf3 e6 3. e3 d5 4. Bd3 c5 5. b3 Nc6 6. Bb2 Bd6 7. 0-0 cxd4 8. exd4 Nb4 9. Be2 Qc7 10. c4 0-0 11. c5 Be7 12. a3 Nc6 13. b4 Ne4 14. Ne5 Nxe5 15. dxe5 f6 16. f3 Ng5 17. exf6 Bxf6 18. Bxf6 Rxf6 19. Nc3 Qf4 20. Qc1 Qd4+ 21. Kh1 Bd7 22. Qxg5 Qxc3 23. Rfc1 Qb2 24. Qe3 Rh6 25. f4 Bc6 26. Qe5 d4 27. b5 Bd5 28. c6 bxc6 29. bxc6 Rg6 30. Kg1 Rxg2+ 31. Kf1 Rf8 0-1

[Event "CRO-chT1B 29th"]
[Site "Mali Losinj"]
[Date "2021.09.29"]
[Round "7.1"]
[White "Mufic, Goran"]
[Black "Zadravec, Matija"]
[Result "0-1"]
[WhiteElo "2223"]
[BlackElo "2232"]
[PlyCount "106"]
[EventDate "2021.09.25"]
[EventType "team-tourn"]
[EventRounds "11"]
[EventCountry "CRO"]
[SourceTitle "CBM 204 Extra"]
[Source "ChessBase"]
[SourceDate "2021.11.30"]
[SourceVersion "1"]
[SourceVersionDate "2021.11.30"]
[SourceQuality "1"]
[WhiteTeam "Rijeka Junior"]
[BlackTeam "Mihovljan Sloboda"]
[WhiteTeamCountry "CRO"]
[BlackTeamCountry "CRO"]

1. d4 Nf6 2. Nf3 d5 3. e3 c5 4. b3 cxd4 5. exd4 Nc6 6. Bb2 Bg4 7. h3 Bh5 8. g4 Bg6 9. Ne5 Rc8 10. Nxg6 hxg6 11. a3 e6 12. Bg2 Bd6 13. Nd2 Qc7 14. Qe2 0-0 15. 0-0 Bh2+ 16. Kh1 Bf4 17. Rac1 Qb6 18. c4 dxc4 19. Nxc4 Qxb3 20. Ne3 Rfd8 21. Rc4 Nd5 22. Nxd5 exd5 23. Rc5 b6 24. Qc2 Qxc2 25. Rxc2 Kf8 26. Re1 Ne7 27. Rce2 Rd7 28. Bf3 Rdc7 29. Kg2 g5 30. a4 Bd6 31. Re3 Ng6 32. Bd1 Bb4 33. Ba3 Bxa3 34. Rxa3 Rc3 35. Re3 Rxa3 36. Rxa3 Rc4 37. a5 b5 38. a6 Rxd4 39. Bc2 Nf4+ 40. Kg3 Rc4 41. Bf5 Ke7 42. Ra5 Ne2+ 43. Kf3 Nd4+ 44. Ke3 Nxf5+ 45. gxf5 Rb4 46. Ra1 Kd6 47. Rc1 Rc4 48. Rg1 f6 49. Kd3 Ke5 50. Re1+ Re4 51. Rc1 Ra4 52. Rc7 Rxa6 53. Rxg7 Ra3+ 0-1

[Event "CRO-chT1B 29th"]
[Site "Mali Losinj"]
[Date "2021.09.26"]
[Round "3.35"]
[White "Mufic, Goran"]
[Black "Ascic, Pero"]
[Result "1/2-1/2"]
[WhiteElo "2223"]
[BlackElo "2289"]
[PlyCount "48"]
[EventDate "2021.09.25"]
[EventType "team-tourn"]
[EventRounds "11"]
[EventCountry "CRO"]
[SourceTitle "CBM 204 Extra"]
[Source "ChessBase"]
[SourceDate "2021.11.30"]
[SourceVersion "1"]
[SourceVersionDate "2021.11.30"]
[SourceQuality "1"]
[WhiteTeam "Rijeka Junior"]
[BlackTeam "Djakovo Limmont"]
[WhiteTeamCountry "CRO"]
[BlackTeamCountry "CRO"]

1. d4 Nf6 2. Nf3 e6 3. e3 b6 4. b3 Bb7 5. Bd3 d5 6. 0-0 Nbd7 7. Bb2 Bd6 8. Nbd2 0-0 9. Ne5 c5 10. f4 Rc8 11. g4 Ne4 12. Bxe4 dxe4 13. Ndc4 Be7 14. Nxd7 Qxd7 15. dxc5 Qxd1 16. Rfxd1 Bxc5 17. Kf2 Rfd8 18. Ba3 Bxa3 19. Nxa3 Kf8 20. Ke2 Ke7 21. c4 Bc6 22. Nc2 f6 23. Rxd8 Rxd8 24. g5 Be8 1/2-1/2

[Event "CRO-chT1B 29th"]
[Site "Mali Losinj"]
[Date "2021.09.25"]
[Round "1.45"]
[White "Mufic, Goran"]
[Black "Krstic, Uros"]
[Result "1/2-1/2"]
[WhiteElo "2223"]
[BlackElo "2339"]
[PlyCount "51"]
[EventDate "2021.09.25"]
[EventType "team-tourn"]
[EventRounds "11"]
[EventCountry "CRO"]
[SourceTitle "CBM 204 Extra"]
[Source "ChessBase"]
[SourceDate "2021.11.30"]
[SourceVersion "1"]
[SourceVersionDate "2021.11.30"]
[SourceQuality "1"]
[WhiteTeam "Rijeka Junior"]
[BlackTeam "Strigova Stridon"]
[WhiteTeamCountry "CRO"]
[BlackTeamCountry "CRO"]

1. d4 Nf6 2. Nf3 g6 3. e3 Bg7 4. Be2 0-0 5. 0-0 d6 6. b3 a5 7. a3 c5 8. Bb2 cxd4 9. exd4 Nd5 10. g3 a4 11. b4 Nb6 12. c4 d5 13. c5 Nc4 14. Bc3 Nd7 15. Nbd2 b5 16. Re1 Ra6 17. Bf1 Re8 18. Bg2 Bb7 19. Ra2 Qc7 20. Ba1 e6 21. h4 Raa8 22. Nh2 Rad8 23. Ng4 f5 24. Nh2 Nf6 25. Nhf1 Bc6 26. Nf3 1/2-1/2

[Event "Trieste Excelsior Palace op 4th"]
[Site "Trieste"]
[Date "2020.01.05"]
[Round "4"]
[White "Chauveau, Philippe"]
[Black "Mufic, Goran"]
[Result "0-1"]
[WhiteElo "1859"]
[BlackElo "2214"]
[PlyCount "24"]
[EventDate "2020.01.03"]
[EventType "swiss"]
[EventRounds "5"]
[EventCountry "ITA"]
[SourceTitle "CBM 194 Extra"]
[Source "ChessBase"]
[SourceDate "2020.03.31"]
[SourceVersion "1"]
[SourceVersionDate "2020.03.31"]
[SourceQuality "1"]

1. Nf3 d5 2. e3 c6 3. c4 e6 4. b3 Nd7 5. Bb2 Ngf6 6. Nc3 b6 7. Qc2 Bb7 8. Be2 Rc8 9. Rg1 c5 10. cxd5 exd5 11. d4 cxd4 12. Nxd4 Ne4 0-1

[Event "Rijeka Four Seasons"]
[Site "Rijeka"]
[Date "2018.10.27"]
[Round "8"]
[White "Spiranec, Noemi"]
[Black "Mufic, Goran"]
[Result "0-1"]
[WhiteElo "2032"]
[BlackElo "2279"]
[PlyCount "134"]
[EventDate "2018.10.20"]
[EventType "tourn"]
[EventRounds "9"]
[EventCountry "CRO"]
[SourceTitle "CBM 187 Extra"]
[Source "ChessBase"]
[SourceDate "2018.11.04"]
[SourceVersion "1"]
[SourceVersionDate "2018.11.04"]
[SourceQuality "1"]

1. d4 e6 2. c4 d5 3. Nf3 Nf6 4. g3 Be7 5. Bg2 0-0 6. 0-0 c6 7. Qc2 Nbd7 8. Rd1 b6 9. b3 Bb7 10. Nc3 Rc8 11. e4 a5 12. Bb2 Qc7 13. Rac1 Qb8 14. Qb1 Nxe4 15. Nxe4 dxe4 16. Qxe4 c5 17. Qe2 Bxf3 18. Bxf3 Bf6 19. d5 Bxb2 20. Qxb2 exd5 21. Rxd5 Nf6 22. Rd2 Rcd8 23. Rcd1 Qc7 24. Kg2 h6 25. Rd3 Rxd3 26. Rxd3 Rd8 27. Qd2 Rxd3 28. Qxd3 Kf8 29. h3 Ke7 30. Qe2+ Kd8 31. Qd3+ Qd7 32. Be2 Qxd3 33. Bxd3 Ke7 34. Kf3 Ke6 35. Ke3 Ke5 36. f4+ Ke6 37. g4 g5 38. Bf5+ Kd6 39. Kf3 Ng8 40. Be4 Ne7 41. Ke3 Ke6 42. f5+ Ke5 43. Bb7 h5 44. Be4 hxg4 45. hxg4 Ng8 46. Bd5 Nf6 47. Bf3 Ne8 48. Bd5 Nd6 49. a4 Kf6 50. Kf3 Ke7 51. Ke3 Ne8 52. Bc6 Nf6 53. Bf3 Kd6 54. Kd3 Nd7 55. Ke4 Ne5 56. Be2 Nc6 57. Bd1 Nd4 58. Kd3 Ke5 59. Ke3 f6 60. Kd3 Kf4 61. Kd2 Ke4 62. Bc2+ Nxc2 63. Kxc2 Kf3 64. Kd3 Kxg4 65. Ke4 Kh4 66. Kd5 g4 67. Ke6 Kg5 0-1

[Event "Rijeka Four Seasons"]
[Site "Rijeka"]
[Date "2018.10.25"]
[Round "6"]
[White "Mufic, Goran"]
[Black "Domazet, Zvonko"]
[Result "1-0"]
[WhiteElo "2279"]
[BlackElo "1744"]
[PlyCount "51"]
[EventDate "2018.10.20"]
[EventType "tourn"]
[EventRounds "9"]
[EventCountry "CRO"]
[SourceTitle "CBM 187 Extra"]
[Source "ChessBase"]
[SourceDate "2018.11.04"]
[SourceVersion "1"]
[SourceVersionDate "2018.11.04"]
[SourceQuality "1"]

1. e4 c6 2. Nc3 a6 3. Nf3 d5 4. d4 dxe4 5. Nxe4 Nf6 6. Ng3 e6 7. Bd3 Nbd7 8. 0-0 c5 9. c4 b6 10. d5 Nb8 11. Re1 Be7 12. dxe6 Bxe6 13. Ng5 Bg4 14. Qc2 g6 15. h3 Bc8 16. Qe2 Ra7 17. Qf3 0-0 18. Bf4 Bd6 19. Bxd6 Qxd6 20. Rad1 Re7 21. N5e4 Nxe4 22. Nxe4 Qc7 23. Nf6+ Kg7 24. Bf1 Rxe1 25. Rxe1 Qd6 26. Ne8+ 1-0

[Event "Rijeka Four Seasons"]
[Site "Rijeka"]
[Date "2018.10.21"]
[Round "2"]
[White "Mufic, Goran"]
[Black "Vujic, Agata"]
[Result "1-0"]
[WhiteElo "2279"]
[BlackElo "1527"]
[PlyCount "45"]
[EventDate "2018.10.20"]
[EventType "tourn"]
[EventRounds "9"]
[EventCountry "CRO"]
[SourceTitle "CBM 187 Extra"]
[Source "ChessBase"]
[SourceDate "2018.11.04"]
[SourceVersion "1"]
[SourceVersionDate "2018.11.04"]
[SourceQuality "1"]

1. e4 e5 2. Nf3 Nf6 3. Nxe5 d6 4. Nf3 Nxe4 5. Nc3 Nxc3 6. dxc3 Nc6 7. Bf4 Bg4 8. h3 Be6 9. Bd3 Be7 10. Qd2 h6 11. 0-0-0 Qd7 12. Kb1 0-0-0 13. Bb5 a6 14. Ba4 Kb8 15. Nd4 b5 16. Nxe6 fxe6 17. Bb3 Na7 18. Rhe1 d5 19. Qe3 Rhf8 20. Qb6+ Ka8 21. Bxc7 Rc8 22. Rxe6 Rxc7 23. Bxd5+ 1-0

[Event "CRO-chT1B 27th"]
[Site "Biograd"]
[Date "2018.09.23"]
[Round "9.32"]
[White "Nikcevic, Nebojsa"]
[Black "Mufic, Goran"]
[Result "0-1"]
[WhiteElo "2428"]
[BlackElo "2254"]
[PlyCount "48"]
[EventDate "2018.09.15"]
[EventType "team-swiss"]
[EventRounds "9"]
[EventCountry "CRO"]
[SourceTitle "CBM 186 Extra"]
[Source "ChessBase"]
[SourceDate "2018.08.24"]
[SourceVersion "1"]
[SourceVersionDate "2018.08.24"]
[SourceQuality "1"]
[WhiteTeam "Sibenik"]
[BlackTeam "Rijeka Junior"]
[WhiteTeamCountry "CRO"]
[BlackTeamCountry "CRO"]

1. c4 e6 2. Nf3 Nf6 3. b3 d5 4. Bb2 Be7 5. e3 0-0 6. d4 Nbd7 7. Nbd2 c6 8. Bd3 b6 9. 0-0 Bb7 10. Rc1 Rc8 11. Qe2 c5 12. Rfd1 Rc7 13. e4 dxe4 14. Nxe4 Qa8 15. Neg5 cxd4 16. Nxd4 Nc5 17. Bc2 h6 18. Nb5 Rd7 19. Rxd7 Ncxd7 20. Nxe6 Bxg2 21. Nf4 Qf3 22. Re1 Qxf4 23. Kxg2 Ng4 24. Rh1 Qg5 0-1

[Event "CRO-chT1B 27th"]
[Site "Biograd"]
[Date "2018.09.19"]
[Round "5.53"]
[White "Mufic, Goran"]
[Black "Ostovic, Matija"]
[Result "1/2-1/2"]
[WhiteElo "2254"]
[BlackElo "2390"]
[PlyCount "102"]
[EventDate "2018.09.15"]
[EventType "team-swiss"]
[EventRounds "9"]
[EventCountry "CRO"]
[SourceTitle "CBM 186 Extra"]
[Source "ChessBase"]
[SourceDate "2018.08.24"]
[SourceVersion "1"]
[SourceVersionDate "2018.08.24"]
[SourceQuality "1"]
[WhiteTeam "Rijeka Junior"]
[BlackTeam "Koprivnica Podravka"]
[WhiteTeamCountry "CRO"]
[BlackTeamCountry "CRO"]

1. d4 d6 2. Nf3 Nd7 3. e4 e5 4. dxe5 Nxe5 5. Nxe5 dxe5 6. Qxd8+ Kxd8 7. Bc4 Ke8 8. Be3 c6 9. a4 Nf6 10. f3 Nd7 11. Nd2 Bc5 12. Ke2 Ke7 13. c3 g6 14. h4 Bxe3 15. Kxe3 f5 16. exf5 gxf5 17. g4 Nb6 18. gxf5 Bxf5 19. a5 Nd5+ 20. Kf2 Nf4 21. Nf1 Rad8 22. Rh2 Be6 23. Ne3 Rhg8 24. Bxe6 Kxe6 25. Nc4 b5 26. axb6 axb6 27. Kf1 Rd3 28. Nd2 Rgd8 29. Ke1 Rg8 30. Kf1 Rgd8 31. Ke1 Re3+ 32. Kd1 Nd3 33. Kc2 Ne1+ 34. Kb3 Nxf3 35. Nxf3 Rxf3 36. Ra6 Rb8 37. Ra7 Rf7 38. Ra4 b5 39. Ra6 Kd5 40. Rd2+ Kc5 41. Kc2 b4 42. Ra5+ Rb5 43. Ra8 bxc3 44. bxc3 Re7 45. h5 e4 46. h6 Reb7 47. Ra2 Kb6 48. c4 Rb4 49. Kc3 Kc7 50. Kd4 Kd6 51. Ra5 Kc7 1/2-1/2

[Event "CRO-chT1B 27th"]
[Site "Biograd"]
[Date "2018.09.15"]
[Round "1.43"]
[White "Maier, Christian"]
[Black "Mufic, Goran"]
[Result "0-1"]
[WhiteElo "2357"]
[BlackElo "2254"]
[PlyCount "58"]
[EventDate "2018.09.15"]
[EventType "team-swiss"]
[EventRounds "9"]
[EventCountry "CRO"]
[SourceTitle "CBM 186 Extra"]
[Source "ChessBase"]
[SourceDate "2018.08.24"]
[SourceVersion "1"]
[SourceVersionDate "2018.08.24"]
[SourceQuality "1"]
[WhiteTeam "Vinkovci"]
[BlackTeam "Rijeka Junior"]
[WhiteTeamCountry "CRO"]
[BlackTeamCountry "CRO"]

1. e4 c5 2. Nf3 g6 3. d3 Bg7 4. g3 Nc6 5. Bg2 e6 6. 0-0 Nge7 7. Re1 0-0 8. c3 d5 9. Nbd2 b6 10. exd5 Nxd5 11. Nc4 Bb7 12. Qb3 Qc7 13. a4 a6 14. Ng5 h6 15. Ne4 Rab8 16. Qa3 Rfd8 17. Ne3 Nxe3 18. Rxe3 Ne5 19. a5 Nxd3 20. axb6 Qxb6 21. Rxd3 Rxd3 22. Be3 Bxe4 23. Bxe4 Rxe3 24. fxe3 c4 25. Re1 Qxb2 26. Qxb2 Rxb2 27. Ra1 Bxc3 28. Rxa6 Bd2 29. Kf2 Bc1+ 0-1

[Event "Spilimbergo op 16th"]
[Site "Spilimbergo"]
[Date "2018.08.11"]
[Round "2"]
[White "Godena, Michele"]
[Black "Mufic, Goran"]
[Result "1-0"]
[WhiteElo "2502"]
[BlackElo "2299"]
[PlyCount "113"]
[EventDate "2018.08.10"]
[EventType "swiss"]
[EventRounds "9"]
[EventCountry "ITA"]
[SourceTitle "CBM 186 Extra"]
[Source "ChessBase"]
[SourceDate "2018.08.24"]
[SourceVersion "1"]
[SourceVersionDate "2018.08.24"]
[SourceQuality "1"]

1. e4 e5 2. Nf3 d6 3. d4 exd4 4. Nxd4 Nf6 5. Bd3 Be7 6. 0-0 0-0 7. c3 Re8 8. Bf4 Nbd7 9. Nd2 Bf8 10. Bc2 a6 11. a4 Ne5 12. Bg3 c5 13. N4f3 Nxf3+ 14. Qxf3 Be6 15. Bh4 Be7 16. a5 b5 17. axb6 Qxb6 18. Rfb1 a5 19. Qd3 Kf8 20. Nc4 Qb5 21. Bxf6 Bxf6 22. Ra4 Bxc4 23. Rxc4 Red8 24. Qd5 Rab8 25. Bd3 Qb7 26. Qf5 d5 27. Rxc5 dxe4 28. Bxe4 Qxb2 29. g3 Qa3 30. Rxb8 Rxb8 31. Rc6 Qe7 32. Qxh7 g6 33. Qh6+ Bg7 34. Qf4 Be5 35. Qf3 Kg7 36. h4 a4 37. Ra6 Rb3 38. h5 Rxc3 39. Qg4 Rc4 40. h6+ Kh8 41. Ra8+ Kh7 42. Bxg6+ fxg6 43. Qxc4 a3 44. Qd3 Bb2 45. Qe3 Qxe3 46. fxe3 Kxh6 47. Ra5 Kg7 48. Kg2 Kf6 49. Kf3 Ke6 50. Ke4 Kf6 51. Ra6+ Kg5 52. Kd5 Kh5 53. e4 g5 54. e5 Kg4 55. e6 Bf6 56. Rxa3 Kh3 57. Ke4 1-0

[Event "Lignano Sabbiadoro op 4th"]
[Site "Lignano Sabbiadoro"]
[Date "2018.08.01"]
[Round "5"]
[White "Redondo Arguelles, Graciela"]
[Black "Mufic, Goran"]
[Result "0-1"]
[WhiteElo "2051"]
[BlackElo "2299"]
[PlyCount "40"]
[EventDate "2018.07.29"]
[EventType "swiss"]
[EventRounds "9"]
[EventCountry "ITA"]
[SourceTitle "CBM 185 Extra"]
[Source "ChessBase"]
[SourceDate "2018.07.29"]
[SourceVersion "1"]
[SourceVersionDate "2018.07.29"]
[SourceQuality "1"]

1. e4 d5 2. exd5 Qxd5 3. Nc3 Qd8 4. Bc4 Nf6 5. Nf3 Bf5 6. Ne5 e6 7. d4 Nbd7 8. Qf3 Nxe5 9. dxe5 Nd7 10. Be3 c6 11. 0-0-0 Qc7 12. g4 Bg6 13. Bf4 Bc5 14. Rhe1 0-0-0 15. Ne4 Bxe4 16. Rxe4 Nb6 17. Bd3 Nd5 18. Rc4 Be7 19. Bg3 Nb6 20. Qxf7 Bg5+ 0-1

[Event "CRO Cup"]
[Site "Mali Losinj"]
[Date "2018.05.19"]
[Round "5.131"]
[White "Mrdja, Milan"]
[Black "Mufic, Goran"]
[Result "1/2-1/2"]
[WhiteElo "2296"]
[BlackElo "2288"]
[PlyCount "20"]
[EventDate "2018.05.16"]
[EventType "team-swiss"]
[EventRounds "6"]
[EventCountry "CRO"]
[SourceTitle "CBM 184 Extra"]
[Source "ChessBase"]
[SourceDate "2018.06.28"]
[SourceVersion "1"]
[SourceVersionDate "2018.06.28"]
[SourceQuality "1"]
[WhiteTeam "Zagreb Uriho"]
[BlackTeam "Rijeka ASK Junior"]
[WhiteTeamCountry "CRO"]
[BlackTeamCountry "CRO"]

1. e4 c6 2. d3 d5 3. Nd2 g6 4. Ngf3 Bg7 5. Be2 Bg4 6. 0-0 e6 7. c3 Ne7 8. Re1 0-0 9. Bf1 Nd7 10. Qc2 a5 1/2-1/2

[Event "CRO-chT2 West"]
[Site "Croatia"]
[Date "2017.10.22"]
[Round "9"]
[White "Crnkovic, Zdravko"]
[Black "Mufic, Goran"]
[Result "0-1"]
[WhiteElo "2051"]
[BlackElo "2288"]
[PlyCount "92"]
[EventDate "2017.03.25"]
[EventType "team-tourn"]
[EventRounds "9"]
[EventCountry "CRO"]
[SourceTitle "EXT 2020"]
[Source "ChessBase"]
[SourceDate "2019.10.17"]
[SourceVersion "1"]
[SourceVersionDate "2019.10.17"]
[SourceQuality "1"]

1. e4 c5 2. f4 Nc6 3. Nf3 g6 4. c3 d5 5. e5 Bg4 6. Be2 h5 7. h3 Bxf3 8. Bxf3 e6 9. d3 Qh4+ 10. Kf1 Bh6 11. Qd2 Nxe5 12. Be2 Ne7 13. Qe1 Qxe1+ 14. Kxe1 h4 15. Kd1 N5c6 16. Rf1 Nf5 17. Bf3 0-0-0 18. Na3 e5 19. Bg4 e4 20. Be3 b6 21. d4 cxd4 22. Bxd4 Ncxd4 23. cxd4 Kb7 24. Bxf5 gxf5 25. Nb5 Rhg8 26. Rc1 Rd7 27. Rc2 Rg3 28. Kc1 Rd3 29. Rd2 Re3 30. Nc3 Kc6 31. Rc2 Kd6 32. Kb1 Rd3 33. Rfc1 Bxf4 34. Rf1 Bg3 35. Rxf5 Ke6 36. Rf1 Rxd4 37. Ne2 Rd3 38. Rc8 Be5 39. Nf4+ Bxf4 40. Rxf4 e3 41. Rc1 Rd2 42. Re1 d4 43. Rxh4 Rxg2 44. Re4+ Kf5 45. Re8 Kf4 46. h4 d3 0-1

[Event "Lignano Sabbiadoro op 3rd"]
[Site "Lignano Sabbiadoro"]
[Date "2017.07.31"]
[Round "3"]
[White "Mufic, Goran"]
[Black "Nester, Ihor"]
[Result "0-1"]
[WhiteElo "2265"]
[BlackElo "2320"]
[PlyCount "49"]
[EventDate "2017.07.30"]
[EventType "swiss"]
[EventRounds "9"]
[EventCountry "ITA"]
[SourceTitle "CBM 179 Extra"]
[Source "ChessBase"]
[SourceDate "2017.08.23"]
[SourceVersion "1"]
[SourceVersionDate "2017.08.23"]
[SourceQuality "1"]

1. d4 f5 2. Nc3 Nf6 3. Bg5 d5 4. Bxf6 exf6 5. e3 Be6 6. g3 Nc6 7. Bg2 Qd7 8. Nge2 Ne7 9. Nf4 Bf7 10. Qf3 0-0-0 11. Nd3 Qe8 12. Bh3 g6 13. g4 Kb8 14. gxf5 g5 15. Nc5 h5 16. Qe2 g4 17. Bf1 Nxf5 18. Nxb7 Nxd4 19. Qa6 Nxc2+ 20. Kd1 Nb4 21. Qa5 Kxb7 22. Nb5 Nc6 23. Qxc7+ Ka8 24. Rc1 Rc8 25. Ra1 0-1

[Event "Lignano Sabbiadoro op 2nd"]
[Site "Lignano Sabbiadoro"]
[Date "2016.08.03"]
[Round "5"]
[White "Loiacono, Antonio"]
[Black "Mufic, Goran"]
[Result "1/2-1/2"]
[WhiteElo "2038"]
[BlackElo "2255"]
[PlyCount "75"]
[EventDate "2016.07.31"]
[EventType "swiss"]
[EventRounds "9"]
[EventCountry "ITA"]
[SourceTitle "CBM 173 Extra"]
[Source "ChessBase"]
[SourceDate "2016.08.29"]
[SourceVersion "1"]
[SourceVersionDate "2016.08.29"]
[SourceQuality "1"]

1. e4 c5 2. Nf3 Nc6 3. d4 cxd4 4. Nxd4 g6 5. Nxc6 bxc6 6. Qd4 Nf6 7. e5 Nd5 8. e6 Nf6 9. exd7+ Bxd7 10. Bc4 Bg7 11. 0-0 0-0 12. Qh4 Rb8 13. c3 Bf5 14. Nd2 h6 15. Nb3 g5 16. Qd4 Qc7 17. g3 Ng4 18. Qc5 Ne5 19. f4 Nxc4 20. Qxf5 Rb5 21. Qd3 Nd6 22. fxg5 Rd5 23. Qc2 hxg5 24. Be3 Nc4 25. Rae1 Nxe3 26. Rxe3 e6 27. Kh1 Rfd8 28. Re2 c5 29. Nd2 c4 30. Ref2 Qc6 31. Kg1 f5 32. g4 Bf8 33. b4 cxb3 34. Nxb3 Bc5 35. Nxc5 Qxc5 36. Kh1 Rf8 37. gxf5 Rfxf5 38. Rxf5 1/2-1/2